000 00641nam a2200181 a 4500
008 120416s1977 ||||||||||||||||| || u
020 _a0333166930
050 _aHF 5658 Fol
100 _aFoley, B. J
245 1 0 _aAccounting Information disclosure and collective bargaining
260 _aLondon
_bMcMillan Press Limited
_c1977
300 _ax, 210p. : ill.
350 _a0.00
650 _aTEXTBOOKS--TEXTBOOKS
650 _aCOLLECTIVE BARGAINING
700 _aMaunders, K. T
995 _D0.00
_FCBU-MAIN LIBRARY (Kitwe)
_H1
_I20.00
_M1
_UAVAILABLE
_ZAnnex Low-Usage Collection
999 _c33348
_d33348